Statistics for Formula 1 2023 Lineup

Click here to take the quiz!

General Stats

  • This quiz has been taken 28 times
  • The average score is 17 of 20

Answer Stats

TeamDriver% Correct
Scuderia FerrariCarlos Sainz
100%
Mercedes AMG PetronasLewis Hamilton
96%
Red Bull RacingMax Verstappen
96%
Aston Martin Aramco CognizantFernando Alonso
92%
Mercedes AMG PetronasGeorge Russell
92%
Red Bull RacingSergio Perez
92%
Scuderia FerrariCharles Leclerc
88%
Aston Martin Aramco CognizantLance Stroll
88%
McLarenLando Norris
88%
AlpineEsteban Ocon
85%
AlpinePierre Gasly
85%
Scuderia AlphaTauriYuki Tsunoda
85%
Williams RacingAlexander Albon
81%
HaasNico Hulkenberg
81%
Scuderia AlphaTauriDaniel Ricciardo
77%
Williams RacingLogan Sargeant
77%
McLarenOscar Piastri
77%
Alfa RomeoValtteri Bottas
77%
HaasKevin Magnussen
73%
Alfa RomeoZhou Guanyu
46%

Score Distribution

Percentile by Number Answered

Percent of People with Each Score

Your Score History

You have not taken this quiz